Library Banner

Proceedings of the fifth ocean thermal energy conversion conference [5:1978: Miami Beach, Florida] (Record no. 53822)

MARC details
000 -LEADER
fixed length control field 00511nam a2200169Ia 4500
001 - CONTROL NUMBER
control field 56509
008 - FIXED-LENGTH DATA ELEMENTS--GENERAL INFORMATION
fixed length control field 140506s9999 xx 000 0 und d
020 ## - INTERNATIONAL STANDARD BOOK NUMBER
International Standard Book Number NA
040 ## - CATALOGING SOURCE
Transcribing agency PK-LaUMT
082 ## - DEWEY DECIMAL CLASSIFICATION NUMBER
Classification number MAL 333.914
Item number FIF-
100 ## - MAIN ENTRY--PERSONAL NAME
Personal name Lavi, Abrahim
245 ## - TITLE STATEMENT
Title Proceedings of the fifth ocean thermal energy conversion conference [5:1978: Miami Beach, Florida]
Statement of responsibility, etc Lavi, Abrahim
260 ## - PUBLICATION, DISTRIBUTION, ETC. (IMPRINT)
Place of publication, distribution, etc Miami,USA:
Name of publisher, distributor, etc The Clean Energy Research Institute, Uni. of Miami,
Date of publication, distribution, etc 1978
300 ## - PHYSICAL DESCRIPTION
Extent 220 p.
546 ## - LANGUAGE NOTE
Language note EN
942 ## - ADDED ENTRY ELEMENTS (KOHA)
Koha item type Books
Holdings
Withdrawn status Lost status Damaged status Not for loan Home library Current library Date acquired Total Checkouts Full call number Barcode Date last seen Price effective from Koha item type
        UMT Main Campus UMT Main Campus 2014-05-06   MAL 333.914 FIF- 75836 2014-05-08 2014-05-08 Books